000 00635nam a2200205 a 4500
003 DO-SdBNP
005 20240520193432.0
007 ta
008 211015e dr ac||fr|||| 001 0 spa d
040 _aDO-SdBNP
_bspa
_cBNPHU
082 4 _222
_bF385v
100 1 _946022
_aFerreras, Ramón Alberto,
_d1930-1993
245 1 0 _aVías férreas:
_balternativa futura /
_c Ramón Alberto Ferreras.
260 _aSanto Domingo :
_bNordeste,
_c1983.
300 _a358 p. :
_b ill. ;
_c 21 cm.
590 _aInventariado 2021 / MF
650 0 _aFerrocarriles
_91458
650 0 _aFerrocarriles
_xRepública Dominicana
_980242
942 _2ddc
_cLBS1
999 _c50762
_d50762